000
00217 a2200097 4500
001
52381
100
_a
Motorola
245
_a
Linear Integreted Circuits
260
_a
New York
_b
Motorola Inc
_c
090
_c
32957
_d
32957
942
_a
NUST-CAE
_c
M
_c
25510
999
_c
287454
_d
287454